| 000 | 01647cab a22003735a 4500 | ||
|---|---|---|---|
| 001 | L158691 | ||
| 008 | 150619e2015 xxk 000 0 eng d | ||
| 035 | _a(Sirsi) u158691 | ||
| 041 | 0 | _aeng | |
| 100 | 1 | _aLewsley, Christopher | |
| 245 | 0 | 0 | _aRecent trends in rating valuation |
| 260 | _c2015 | ||
| 490 |
_aRating and Valuation Reporter _v55(6) June 2015, 183-189(7) |
||
| 520 | _aLooks at recent rating case law topics including statutory framework, valuation methods, rental evidence, decapitalisation rate, assessing the utility of rents, repairs, hypothetical tenancy duration and rent reviews and material change of circumstances. | ||
| 590 | _aKA | ||
| 650 | 4 | _aLOCAL GOVERNMENT FINANCE ACT 1988 | |
| 650 | 4 | _aLOTUS AND DELTA LTD V CULVERWELL (VO) V LEICESTER CITY COUNCIL | |
| 650 | 2 | 4 | _aHOSPITAL PLAN INSURANCE SERVICES LTD V PERSAUD |
| 650 | 2 | 4 | _aVINES LTE V DE MAUNY (VO) |
| 650 | 2 | 4 | _aGPS (GREAT BRITAIN) LTD AND OTHERS V BIRD |
| 650 | 2 | 4 | _aLAND SECURITIES PLC V WESTMINSTER CITY COUNCIL |
| 650 | 2 | 4 | _aJOHN LEWIS & CO LTD V GOODWIN AND ANOTHER |
| 650 | 2 | 4 | _aNHS GREATER GLASGOW & CLYDE V RENFREWSHIRE VALUATION JOINT BOARD ASSESSOR AND GLASGOW CITY ASSESSOR |
| 650 | 2 | 4 | _aGALLAGHER (VO) V READ AND PARTNERS AND OTHERS |
| 650 | 2 | 4 | _aREDROSE LTD V THOMAS (VO) |
| 650 | 2 | 4 | _aHAPPY FEET NURSRY AND OUT OF SCHOOL CLUB LTD V LANARKSHIRE ASSESSOR |
| 650 | 2 | 4 | _aBURVILL V JONES (VO) |
| 650 | 2 | 4 | _aDOUBLE MAXIM BREWERY LTD V SMITH (VO) |
| 650 | 2 | 4 | _aNEWBIGIN (VO) V S J & MONK |
| 650 | 2 | 4 | _aHARDMAN (V0) V BRITISH GAS TRADING LTD |
| 651 | 4 |
_aUnited Kingdom _y |
|
| 690 | _aFinance and taxation | ||
| 942 | _n0 | ||
| 999 |
_c84659 _d84659 |
||